[Event "Dutch Open-ch 2019"]
[Site "Dieren"]
[Date "2019.08.01"]
[Round "9.18"]
[White "Van Baar, Esper"]
[Black "t Jong, Ewoud"]
[Result "1/2-1/2"]
[WhiteElo "2108"]
[BlackElo "2159"]
[Annotator "NA"]
[PlyCount "115"]
[EventDate "2019.07.23"]
[EventType "swiss"]
[EventCountry "NED"]
[SourceTitle "playchess.com"]
[Source "ChessBase"]
[SourceQuality "1"]
[TimeControl "40/5400+30:1800+30"]

1. e4 {[%emt 0:00:00]} e6 {[%emt 0:00:00]} 2. d4 {[%emt 0:00:00]} d5 {[%emt 0:00:00]} 3. Nd2 {[%emt 0:00:00]} Nf6 {[%emt 0:00:22]} 4. e5 {[%emt 0:00:00]} Nfd7 {[%emt 0:00:06]} 5. c3 {[%emt 0:00:10]} c5 {[%emt 0:00:10]} 6. Bd3 {[%emt 0:00:04]} Nc6 {[%emt 0:00:08]} 7. Ne2 {[%emt 0:00:10]} cxd4 {[%emt 0:00:12]} 8. cxd4 {[%emt 0:00:05]} f6 {[%emt 0:00:08]} 9. exf6 {[%emt 0:00:03]} Nxf6 {[%emt 0:00:17]} 10. O-O {[%emt 0:00:13]} Bd6 {[%emt 0:00:15]} 11. Nf3 {[%emt 0:00:03]} O-O {[%emt 0:00:27]} 12. Bf4 {[%emt 0:00:45]} Nh5 {[%emt 0:05:28]} 13. Bxd6 {[%emt 0:03:57]} Qxd6 {[%emt 0:02:29]} 14. Qc2 {[%emt 0:05:54]} h6 {[%emt 0:02:56]} 15. Qd2 {[%emt 0:16:14]} Bd7 {[%emt 0:02:55]} 16. Rac1 {[%emt 0:03:13]} a6 {[%emt 0:06:23]} 17. Bb1 {[%emt 0:03:03]} Rf6 {[%emt 0:18:27]} 18. Qd3 {[%emt 0:04:51]} g6 {[%emt 0:08:08]} 19. Qe3 {[%emt 0:00:18]} Nf4 {[%emt 0:04:08]} 20. Nxf4 {[%emt 0:12:19]} Qxf4 {[%emt 0:01:11]} 21. Qxf4 {[%emt 0:01:58]} Rxf4 {[%emt 0:00:07]} 22. Bxg6 {[%emt 0:04:58]} Rc8 {[%emt 0:07:47]} 23. Rcd1 {[%emt 0:05:34]} Kg7 {[%emt 0:07:33]} 24. Bb1 {[%emt 0:00:25]} Be8 {[%emt 0:02:31]} 25. Rfe1 {[%emt 0:20:40]} Kf6 {[%emt 0:06:12]} 26. Re3 {[%emt 0:02:48]} Bh5 {[%emt 0:03:19]} 27. Kf1 {[%emt 0:07:05]} Bxf3 {[%emt 0:08:51]} 28. Rxf3 {[%emt 0:00:16]} Rxf3 {[%emt 0:00:27]} 29. gxf3 {[%emt 0:00:00]} Kg5 {[%emt 0:00:28]} 30. Ke2 {[%emt 0:07:04]} Kf4 {[%emt 0:00:26]} 31. Bg6 {[%emt 0:01:20]} Ne7 {[%emt 0:04:26]} 32. Bb1 {[%emt 0:01:38]} Rc4 {[%emt 0:03:21]} 33. Rg1 {[%emt 0:00:47]} Rxd4 {[%emt 0:01:50]} 34. Rg7 {[%emt 0:00:03]} Nc6 {[%emt 0:02:17]} 35. Rxb7 {[%emt 0:00:12]} Rb4 {[%emt 0:01:13]} 36. Rf7+ {[%emt 0:00:28]} Ke5 {[%emt 0:00:08]} 37. b3 {[%emt 0:00:04]} Nd4+ {[%emt 0:00:19]} 38. Ke3 {[%emt 0:00:54]} Nb5 {[%emt 0:01:50]} 39. f4+ {[%emt 0:00:50]} Kd6 {[%emt 0:00:05]} 40. Bd3 {[%emt 0:00:56]} Nc3 {[%emt 0:00:52]} 41. Ra7 {[%emt 0:02:55]} Rb6 {[%emt 0:03:43]} 42. Rxa6 {[%emt 0:02:49]} Rxa6 {[%emt 0:00:06]} 43. Bxa6 {[%emt 0:00:05]} Nxa2 {[%emt 0:00:06]} 44. Kd4 {[%emt 0:00:56]} Nb4 {[%emt 0:00:37]} 45. Bb5 {[%emt 0:04:51]} Nc2+ {[%emt 0:01:01]} 46. Kc3 {[%emt 0:01:43]} Ne1 {[%emt 0:00:24]} 47. Bf1 {[%emt 0:00:11]} Nf3 {[%emt 0:04:46]} 48. h3 {[%emt 0:00:02]} Nh4 {[%emt 0:02:10]} 49. Kd3 {[%emt 0:04:37]} Kc5 {[%emt 0:02:00]} 50. Kc3 {[%emt 0:05:45]} Ng6 {[%emt 0:00:52]} 51. b4+ {[%emt 0:00:40]} Kd6 {[%emt 0:00:19]} 52. f5 {[%emt 0:00:02]} exf5 {[%emt 0:00:11]} 53. Bd3 {[%emt 0:01:30]} Ne7 {[%emt 0:01:52]} 54. b5 {[%emt 0:00:58]} Kc5 {[%emt 0:00:54]} 55. Kb3 {[%emt 0:01:32]} f4 {[%emt 0:01:04]} 56. Ka4 {[%emt 0:00:56]} Kb6 {[%emt 0:00:42]} 57. Kb4 {[%emt 0:00:01]} Nc8 {[%emt 0:03:21]} 58. Be2 {[%emt 0:05:46]} 1/2-1/2

[Event "Dutch Open-ch 2019"]
[Site "Dieren"]
[Date "2019.08.01"]
[Round "9.19"]
[White "De Boer, Bas"]
[Black "Van Roon, Sjoerd"]
[Result "0-1"]
[WhiteElo "2117"]
[BlackElo "2072"]
[Annotator "NA"]
[PlyCount "124"]
[EventDate "2019.07.23"]
[EventType "swiss"]
[EventCountry "NED"]
[SourceTitle "playchess.com"]
[Source "ChessBase"]
[SourceQuality "1"]
[TimeControl "40/5400+30:1800+30"]

1. d4 {[%emt 0:00:00]} Nf6 {[%emt 0:00:00]} 2. c4 {[%emt 0:00:00]} g6 {[%emt 0:00:00]} 3. g3 {[%emt 0:00:00]} Bg7 {[%emt 0:00:07]} 4. Bg2 {[%emt 0:00:00]} c6 {[%emt 0:00:29]} 5. Nf3 {[%emt 0:01:31]} d6 {[%emt 0:00:13]} 6. O-O {[%emt 0:00:36]} O-O {[%emt 0:00:05]} 7. Nc3 {[%emt 0:02:27]} Qa5 {[%emt 0:00:25]} 8. e4 {[%emt 0:03:55]} e5 {[%emt 0:05:30]} 9. d5 {[%emt 0:02:09]} cxd5 {[%emt 0:00:11]} 10. cxd5 {[%emt 0:00:08]} Na6 {[%emt 0:01:54]} 11. Nd2 {[%emt 0:01:43]} Bd7 {[%emt 0:03:31]} 12. a3 {[%emt 0:06:49]} Rac8 {[%emt 0:04:45]} 13. Qe2 {[%emt 0:01:30]} Ne8 {[%emt 0:02:45]} 14. Nb3 {[%emt 0:04:55]} Qb6 {[%emt 0:02:39]} 15. Qd1 {[%emt 0:03:21]} Qd8 {[%emt 0:09:27]} 16. Be3 {[%emt 0:02:36]} b6 {[%emt 0:01:57]} 17. Qe2 {[%emt 0:03:03]} Nc5 {[%emt 0:02:48]} 18. Nd2 {[%emt 0:01:57]} f5 {[%emt 0:01:58]} 19. f3 {[%emt 0:00:09]} Nf6 {[%emt 0:05:14]} 20. h3 {[%emt 0:05:23]} f4 {[%emt 0:04:13]} 21. Bxc5 {[%emt 0:03:15]} bxc5 {[%emt 0:01:00]} 22. g4 {[%emt 0:00:06]} Rb8 {[%emt 0:01:09]} 23. Rfb1 {[%emt 0:01:44]} a5 {[%emt 0:02:57]} 24. Bf1 {[%emt 0:02:22]} Ne8 {[%emt 0:00:08]} 25. Qg2 {[%emt 0:03:17]} Bf6 {[%emt 0:01:12]} 26. a4 {[%emt 0:02:23]} Bh4 {[%emt 0:08:23]} 27. Bb5 {[%emt 0:01:25]} Kf7 {[%emt 0:01:26]} 28. Nc4 {[%emt 0:01:30]} Ra8 {[%emt 0:00:08]} 29. Bxd7 {[%emt 0:00:20]} Qxd7 {[%emt 0:00:05]} 30. Nb6 {[%emt 0:00:11]} Qb7 {[%emt 0:00:21]} 31. Nxa8 {[%emt 0:00:10]} h5 {[%emt 0:05:47]} 32. Nb5 {[%emt 0:01:00]} Qxa8 {[%emt 0:00:12]} 33. Rc1 {[%emt 0:00:57]} Qd8 {[%emt 0:01:55]} 34. Kf1 {[%emt 0:01:41]} Nf6 {[%emt 0:08:34]} 35. Ra3 {[%emt 0:02:25]} Qb6 {[%emt 0:01:26]} 36. Rc4 {[%emt 0:03:15]} hxg4 {[%emt 0:01:07]} 37. fxg4 {[%emt 0:00:12]} g5 {[%emt 0:02:24]} 38. Rb3 {[%emt 0:00:21]} Rb8 {[%emt 0:02:36]} 39. Ke2 {[%emt 0:02:59]} Kg6 {[%emt 0:00:59]} 40. Kd1 {[%emt 0:00:31]} Ne8 {[%emt 0:06:35]} 41. Qc2 {[%emt 0:34:51]} Qa6 {[%emt 0:17:44]} 42. Qe2 {[%emt 0:00:00]} Rb6 {[%emt 0:03:04]} 43. Rcc3 {[%emt 0:00:00]} Nf6 {[%emt 0:02:14]} 44. Qc4 {[%emt 0:00:00]} Bf2 {[%emt 0:01:03]} 45. Rf3 {[%emt 0:00:00]} Bd4 {[%emt 0:00:26]} 46. Qc2 {[%emt 0:00:00]} Kh6 {[%emt 0:02:28]} 47. Qe2 {[%emt 0:00:00]} c4 {[%emt 0:06:10]} 48. Qxc4 {[%emt 0:00:00]} Nxe4 {[%emt 0:01:20]} 49. Qc7 {[%emt 0:00:00]} Bc5 {[%emt 0:00:54]} 50. Qf7 {[%emt 0:00:00]} Qb7 {[%emt 0:01:43]} 51. Qe6+ {[%emt 0:00:52]} Kg7 {[%emt 0:00:09]} 52. h4 {[%emt 0:03:15]} Qf7 {[%emt 0:00:46]} 53. Nc7 {[%emt 0:02:48]} Qxc7 {[%emt 0:02:55]} 54. h5 {[%emt 0:00:07]} Nf2+ {[%emt 0:01:55]} 55. Rxf2 {[%emt 0:00:22]} Rxb3 {[%emt 0:00:46]} 56. h6+ {[%emt 0:00:32]} Kh8 {[%emt 0:01:29]} 57. Qf6+ {[%emt 0:02:32]} Kh7 {[%emt 0:00:04]} 58. Rh2 {[%emt 0:02:14]} Qd7 {[%emt 0:00:57]} 59. Rh5 {[%emt 0:06:17]} Rxb2 {[%emt 0:00:59]} 60. Kc1 {[%emt 0:00:55]} Rg2 {[%emt 0:00:27]} 61. Qf5+ {[%emt 0:03:51]} Qxf5 {[%emt 0:00:07]} 62. gxf5 {[%emt 0:00:10]} f3 {[%emt 0:00:10]} 0-1

[Event "Dutch Open-ch 2019"]
[Site "Dieren"]
[Date "2019.08.01"]
[Round "9.20"]
[White "Tang, Charlie"]
[Black "De Jong, Tom"]
[Result "1/2-1/2"]
[WhiteElo "2247"]
[BlackElo "2176"]
[Annotator "NA"]
[PlyCount "115"]
[EventDate "2019.07.23"]
[EventType "swiss"]
[EventCountry "NED"]
[SourceTitle "playchess.com"]
[Source "ChessBase"]
[SourceQuality "1"]
[TimeControl "40/5400+30:1800+30"]

1. e4 {[%emt 0:00:00]} c6 {[%emt 0:00:00]} 2. d4 {[%emt 0:00:00]} d5 {[%emt 0:00:00]} 3. Nd2 {[%emt 0:00:00]} dxe4 {[%emt 0:00:00]} 4. Nxe4 {[%emt 0:00:00]} Bf5 {[%emt 0:00:00]} 5. Ng3 {[%emt 0:00:07]} Bg6 {[%emt 0:00:03]} 6. h4 {[%emt 0:00:08]} h6 {[%emt 0:00:08]} 7. Nf3 {[%emt 0:00:05]} Nd7 {[%emt 0:00:07]} 8. h5 {[%emt 0:00:06]} Bh7 {[%emt 0:00:08]} 9. Bd3 {[%emt 0:00:10]} Bxd3 {[%emt 0:00:28]} 10. Qxd3 {[%emt 0:00:06]} Qc7 {[%emt 0:00:24]} 11. Bd2 {[%emt 0:00:53]} e6 {[%emt 0:00:24]} 12. O-O-O {[%emt 0:00:11]} O-O-O {[%emt 0:03:51]} 13. Ne4 {[%emt 0:01:12]} Ngf6 {[%emt 0:00:14]} 14. g3 {[%emt 0:00:18]} Nxe4 {[%emt 0:00:24]} 15. Qxe4 {[%emt 0:00:06]} Nf6 {[%emt 0:00:26]} 16. Qe2 {[%emt 0:00:10]} Bd6 {[%emt 0:00:37]} 17. c4 {[%emt 0:01:18]} c5 {[%emt 0:00:20]} 18. Bc3 {[%emt 0:00:23]} cxd4 {[%emt 0:00:31]} 19. Nxd4 {[%emt 0:00:20]} a6 {[%emt 0:00:12]} 20. Kb1 {[%emt 0:04:14]} Rd7 {[%emt 0:06:39]} 21. Nb3 {[%emt 0:09:19]} Qc6 {[%emt 0:03:58]} 22. g4 {[%emt 0:18:30]} Rhd8 {[%emt 0:09:28]} 23. f3 {[%emt 0:00:14]} Bc7 {[%emt 0:07:01]} 24. Rxd7 {[%emt 0:09:51]} Rxd7 {[%emt 0:01:28]} 25. Nd4 {[%emt 0:06:40]} Qc5 {[%emt 0:07:51]} 26. Rd1 {[%emt 0:03:48]} e5 {[%emt 0:20:18]} 27. Nf5 {[%emt 0:01:07]} Rxd1+ {[%emt 0:00:06]} 28. Qxd1 {[%emt 0:00:05]} Qxc4 {[%emt 0:00:10]} 29. Nxg7 {[%emt 0:04:28]} Nd5 {[%emt 0:01:17]} 30. Bd2 {[%emt 0:05:59]} Qd3+ {[%emt 0:06:36]} 31. Qc2 {[%emt 0:00:18]} Qxf3 {[%emt 0:03:40]} 32. Qf5+ {[%emt 0:00:36]} Qxf5+ {[%emt 0:00:07]} 33. Nxf5 {[%emt 0:00:22]} Kd7 {[%emt 0:15:51]} 34. Bxh6 {[%emt 0:04:11]} Nf6 {[%emt 0:05:54]} 35. Bg7 {[%emt 0:02:44]} Ke6 {[%emt 0:05:28]} 36. Kc2 {[%emt 0:10:33]} Nxh5 {[%emt 0:02:08]} 37. Nd4+ {[%emt 0:02:16]} exd4 {[%emt 0:00:06]} 38. gxh5 {[%emt 0:00:04]} Kf5 {[%emt 0:00:42]} 39. Kd3 {[%emt 0:00:04]} Kg5 {[%emt 0:00:46]} 40. h6 {[%emt 0:00:05]} Kg6 {[%emt 0:00:05]} 41. Kxd4 {[%emt 0:30:08]} Bf4 {[%emt 0:30:32]} 42. Kc5 {[%emt 0:00:43]} Be3+ {[%emt 0:00:00]} 43. Kd6 {[%emt 0:00:00]} Bxh6 {[%emt 0:00:00]} 44. Bd4 {[%emt 0:00:00]} Bg7 {[%emt 0:00:00]} 45. Bf2 {[%emt 0:00:00]} Bxb2 {[%emt 0:00:00]} 46. Kc7 {[%emt 0:00:00]} b5 {[%emt 0:00:00]} 47. Kb6 {[%emt 0:00:00]} f5 {[%emt 0:00:00]} 48. Kxa6 {[%emt 0:00:00]} b4 {[%emt 0:00:00]} 49. Kb5 {[%emt 0:00:00]} Ba3 {[%emt 0:00:00]} 50. Kc4 {[%emt 0:00:00]} Kg5 {[%emt 0:00:00]} 51. Kd3 {[%emt 0:00:00]} Kf4 {[%emt 0:00:00]} 52. Ke2 {[%emt 0:00:00]} Bb2 {[%emt 0:00:00]} 53. Bc5 {[%emt 0:00:00]} Bc3 {[%emt 0:00:00]} 54. Kf2 {[%emt 0:00:00]} Ke4 {[%emt 0:00:00]} 55. Be7 {[%emt 0:00:00]} f4 {[%emt 0:00:00]} 56. Ke2 {[%emt 0:00:00]} f3+ {[%emt 0:00:00]} 57. Kf2 {[%emt 0:00:00]} Bd4+ {[%emt 0:00:00]} 58. Kf1 {[%emt 0:00:00]} 1/2-1/2